000 006910000a22001810004500
090 _aAS
_bSeriadas
245 1 0 _aGenetic diferentiation in populations of the river dolphins genus Inia (Blainville, 1817) and apports to the taxonomic status with molecular analysis
041 0 _aInglés
700 1 _aCárdena, H.
_999788
700 1 _aRuíz García, M.
_999789
700 1 _aMarmontel, M.
_998220
700 1 _aGaitán, E.
_998221
700 1 _aVázquez, R.
_998222
700 1 _aGarcía Vallejo, F.
_998223
100 1 _aBanguera Hinestroza , E.
_996126
942 _cARTICULO
773 1 _tRevista de la Academia Colombiana de Ciencias Exactas, Físicas y Naturales
_h101
_q575-588
_d2002
_g26
999 _c15518
_d15518